000 00942nam a2200229Ia 4500
001 9971
003 GE_BSU
008 181216s||||||||xx |||||||||||||| ||und||
020 _a9789941444036
040 _cGE_BSU
080 _a821.353.1.09-11+008(09)
100 _aკაშია,ჯანრი
245 _aთხზულებანი ტ.1.გველის მჭამელი:გაგების ცდა.კულტუროლოგია
245 _cრედ.ხათუნა თოდუა,თამარ თითმერია
260 _aთბილისი
260 _bქართული ბიოგრაფიული ცენტრი.
260 _c2013
300 _a344გვ.ფოტო.21სმ.
653 _aგველის მჭამელი:გაგების ცდა.კულტუროლოგია
653 _aთხზულებანი
942 _cBK
999 _c43244
_d43244